Anatomie du cœur : Grands vaisseaux - Statistiques

Statistiques générales
  • Ce quiz a été pris 38 fois
    36 depuis la dernière actualisation
  • Le résultat moyen est 4 sur 18
Statistiques - réponses
Par images Réponse % Correct
Veine cave inférieure
62%
Veine cave supérieure
57%
Artères carotides communes
29%
Trachée
29%
veine azygos
24%
Artères subclavières
19%
Tronc pulmonaire
19%
veine pulmonaire inférieure droite
19%
veine pulmonaire supérieure droite
19%
Arc aortique
14%
veine hémi-azygos
14%
veine pulmonaire inférieure gauche
14%
veine pulmonaire supérieure gauche
14%
bronche principale droite
10%
bronche principale gauche
10%
veine brachiocéphalique
10%
veine hémiazygos accessoire
5%
Partie ascendante de l'aorte
0%
Aucun quiz correspondant
Distribution des résultats
% des personnes avec chaque résultat
Percentile par nombre de réponses
Votre historique - résultats
Vous n’avez pas pris ce quiz depuis la dernière actualisation